Dating decision number 10: the dating periods recommended for those biologic products specified in the Biologics Section of the Public Health Service Act of July 1, 1944. (Record no. 38464)

MARC details
000 -LEADER
fixed length control field 00956cam a22002531 4500
001 - CONTROL NUMBER
control field med47001928
003 - CONTROL NUMBER IDENTIFIER
control field DLC
005 - DATE AND TIME OF LATEST TRANSACTION
control field 20260227111604.0
008 - FIXED-LENGTH DATA ELEMENTS--GENERAL INFORMATION
fixed length control field 840521s1947 dcu f000 0 eng
010 ## - LIBRARY OF CONGRESS CONTROL NUMBER
LC control number med47001928
035 ## - SYSTEM CONTROL NUMBER
System control number (OCoLC)10756229
040 ## - CATALOGING SOURCE
Original cataloging agency DLC
Transcribing agency MdU-H
Modifying agency MdU-H
-- DLC
042 ## - AUTHENTICATION CODE
Authentication code premarc
050 00 - LIBRARY OF CONGRESS CALL NUMBER
Classification number RA11
Item number .B154 no. 38
082 ## - DEWEY DECIMAL CLASSIFICATION NUMBER
Classification number 615.36
110 1# - MAIN ENTRY--CORPORATE NAME
Corporate name or jurisdiction name as entry element United States.
Subordinate unit Public Health Service.
245 00 - TITLE STATEMENT
Title Dating decision number 10: the dating periods recommended for those biologic products specified in the Biologics Section of the Public Health Service Act of July 1, 1944.
260 ## - PUBLICATION, DISTRIBUTION, ETC.
Place of publication, distribution, etc. [Washington,
Name of publisher, distributor, etc. U.S. Govt. Print. Off.,
Date of publication, distribution, etc. 1947]
300 ## - PHYSICAL DESCRIPTION
Extent 7 p.
Dimensions 24 cm.
490 1# - SERIES STATEMENT
Series statement Its Miscellaneous publication
Volume/sequential designation no. 38
500 ## - GENERAL NOTE
General note "Supersede[s] Dating decision number 9 issued January 25, 1943."
650 #0 - SUBJECT ADDED ENTRY--TOPICAL TERM
Topical term or geographic name entry element Biological products.
830 #0 - SERIES ADDED ENTRY--UNIFORM TITLE
Uniform title Miscellaneous publication (United States. Public Health Service) ;
Volume/sequential designation no. 38.

No items available.

Powered by Koha